| 000 | 00319nam a22001217a 4500 | ||
|---|---|---|---|
| 082 |
_a658.4034 _bMAN/OP |
||
| 100 |
_aManohar Mahajan _9736 |
||
| 245 | _aOperations Research | ||
| 250 | _a2 nd | ||
| 260 |
_aDelhi _bDhanpat Rai And Co. (Pvt.) Ltd. Educational and Technical Publishers _c2012 |
||
| 300 | _a672 | ||
| 942 | _cBK | ||
| 999 |
_c14444 _d14444 |
||